TH-MS-Molecular screening of acute myeloid leukemia patients of Pakistan origin (Record no. 480748)
[ view plain ]
| 000 -LEADER | |
|---|---|
| fixed length control field | 00596nam a22001937a 4500 |
| 003 - CONTROL NUMBER IDENTIFIER | |
| control field | ASAB |
| 005 - DATE AND TIME OF LATEST TRANSACTION | |
| control field | 20180827062821.0 |
| 008 - FIXED-LENGTH DATA ELEMENTS--GENERAL INFORMATION | |
| fixed length control field | 180315t xxu||||| |||| 00| 0 eng d |
| 040 ## - CATALOGING SOURCE | |
| Transcribing agency | ASAB |
| 082 ## - DEWEY DECIMAL CLASSIFICATION NUMBER | |
| Classification number | Thesis 2016 MM |
| 100 ## - MAIN ENTRY--PERSONAL NAME | |
| Personal name | Minahil Mehdi-sup-Dr. Peter John |
| 9 (RLIN) | 3555 |
| 245 ## - TITLE STATEMENT | |
| Title | TH-MS-Molecular screening of acute myeloid leukemia patients of Pakistan origin |
| Statement of responsibility, etc. | Minahil Mehdi-sup-Dr. Peter John |
| 250 ## - EDITION STATEMENT | |
| Edition statement | 2016 |
| 260 ## - PUBLICATION, DISTRIBUTION, ETC. | |
| Place of publication, distribution, etc. | Islamabad. |
| Name of publisher, distributor, etc. | ASAB NUST Islamabad |
| Date of publication, distribution, etc. | 2016 |
| 300 ## - PHYSICAL DESCRIPTION | |
| Extent | xv, 74 P. |
| 630 ## - SUBJECT ADDED ENTRY--UNIFORM TITLE | |
| Uniform title | Healthcare Biotechnology |
| 9 (RLIN) | 3556 |
| 630 ## - SUBJECT ADDED ENTRY--UNIFORM TITLE | |
| Uniform title | Leukemia |
| 9 (RLIN) | 3557 |
| 942 ## - ADDED ENTRY ELEMENTS (KOHA) | |
| Source of classification or shelving scheme | |
| Koha item type | |
| Withdrawn status | Lost status | Source of classification or shelving scheme | Damaged status | Not for loan | Permanent Location | Current Location | Date acquired | Total Checkouts | Full call number | Barcode | Date last seen | Price effective from | Koha item type | Shelving location |
|---|---|---|---|---|---|---|---|---|---|---|---|---|---|---|
| Atta-ur-Rahman School of Applied Biosciences (ASAB) | Atta-ur-Rahman School of Applied Biosciences (ASAB) | 03/15/2018 | Thesis 2016 MM | ASABMS-35-16 | 03/15/2018 | 03/15/2018 | ||||||||
| Central Library (CL) | Central Library (CL) | 01/19/2020 | 660.01 Thesis 2016 MM | CL-T-4682 | 01/19/2020 | 01/19/2020 | Thesis | Thesis |
